The hero and the poeple : The meaning of Jacksonian Democracy

Sparad:
Bibliografiska uppgifter
Huvudupphovsman: Brown, Richard H.
Materialtyp: Bok
Språk:Undetermined
Publicerad: New York MacMillan 1964
Taggar: Lägg till en tagg
Inga taggar, Lägg till första taggen!
Thư viện lưu trữ: Trung tâm Học liệu Trường Đại học Cần Thơ
LEADER 00497nam a2200181Ia 4500
001 CTU_40885
008 210402s9999 xx 000 0 und d
082 |a 973.56 
082 |b B881 
100 |a Brown, Richard H. 
245 4 |a The hero and the poeple : 
245 4 |b The meaning of Jacksonian Democracy 
245 0 |c Richard H. Brown 
260 |a New York 
260 |b MacMillan 
260 |c 1964 
904 |i Minh, Giang sửa 
980 |a Trung tâm Học liệu Trường Đại học Cần Thơ